| 000 | 00706nam a22002175i 4500 | ||
|---|---|---|---|
| 001 | 53550 | ||
| 003 | ES-MaACL | ||
| 005 | 20230906162803.0 | ||
| 007 | t| | ||
| 008 | 960628s1863 fr ||||1| fre d | ||
| 040 |
_aCAM _bspa _cCAM |
||
| 100 | 1 |
_aFabre, Ferdinand. _948532 |
|
| 245 | 1 | 0 |
_aJulien Savignac / _cpar Ferdinand Fabre. |
| 260 |
_aParis : _bLibrairie de L. Hachette et Cie., _c1863 ( _fimprimerie de Ch. Lahure) |
||
| 300 |
_a[2], VI, [1], 244, 6 p. ; _c18 cm. |
||
| 490 | 1 |
_aScénes de la vie cléricale ; _v12 |
|
| 505 | 8 | _aLas 6 p. finales corresponden a Les Courbezon | |
| 830 | 0 |
_aScénes de la vie cléricale ; _v12 _9230255 |
|
| 852 |
_aES-MaACL _jG-8656 |
||
| 999 |
_c53550 _d53550 |
||